000 00635nam a2200265Ia 4500
005 20260121114441.0
008 008 260114s9999 xx 000 0 eng d
020 _a9788126596201
037 _aEBOOK
040 _aCRL
040 _beng
040 _cCRL
041 _2eng
041 _aeng
084 _qCRL
100 _aIrwin
_9975251
245 0 _aEngineering Circuit Analysis, 11ed, ISV
260 _bWiley
260 _c2020
650 _aElectrical & Electronics
_9975252
856 _uhttps://ebooks.wileyindia.com/product-details/282386
942 _cEBOOK
999 _c1554240
_d1554240